Costa Rica: una interpretación socio-económica de su desarrollo reciente 1930-1975
Etapas significativas en el desarrollo socio-político de Costa Rica, del paternalismo obligatorio al estado benefactor - estudia: 1) la crisis del régimen liberal entre 1930-1940, 2) reformismo y luchas sociales en el periódo de guerra 1940-1948, 3) desarrollismo y estado benefactor (1948-1970) tend...
Uloženo v:
| Hlavní autor: | |
|---|---|
| Médium: | Text |
| Vydáno: |
Heredia :
|
| Témata: | |
| Tagy: |
Přidat tag
Žádné tagy, Buďte první, kdo vytvoří štítek k tomuto záznamu!
|
MARC
| LEADER | 00000 a a2200000 04500 | ||
|---|---|---|---|
| 001 | 19565 | ||
| 003 | |||
| 040 | |||
| 090 | |a 077700 | ||
| 100 | |a Vega Carballo, José Luis | ||
| 245 | |a Costa Rica: una interpretación socio-económica de su desarrollo reciente 1930-1975 | ||
| 260 | |a Heredia : | ||
| 300 | |a 26 p. | ||
| 520 | |a Etapas significativas en el desarrollo socio-político de Costa Rica, del paternalismo obligatorio al estado benefactor - estudia: 1) la crisis del régimen liberal entre 1930-1940, 2) reformismo y luchas sociales en el periódo de guerra 1940-1948, 3) desarrollismo y estado benefactor (1948-1970) tendencias recientes y alternativas de cambio. /ALLV | ||
| 650 | |a ESTADO | ||
| 650 | |a DESARROLLO ECONOMICO | ||
| 650 | |a DESARROLLO POLITICO | ||
| 999 | |c 2166 |d 2166 | ||
